|
|
|
|
| LEADER |
00000nab#a22000007a#4500 |
| 001 |
arbauad041660 |
| 003 |
AR-BaUAD |
| 005 |
20250711113244.0 |
| 008 |
991119|||||||||###||||||b###|0###a|spa|| |
| 040 |
|
|
|a AR-BaUAD
|c AR-BaUAD
|b spa
|
| 100 |
|
|
|a Cremascoli, Olivia
|
| 245 |
|
|
|a I murales del design /
|c Olivia Cremascoli;
|
| 300 |
0 |
|
|b fot.
|
| 653 |
|
|
|a ARQUITECTOS
|
| 653 |
|
|
|a SOTTSASS, ETTORE
|
| 653 |
|
|
|a SIPEK, BOREK
|
| 653 |
|
|
|a MENDINI, ALESSANDRO
|
| 653 |
|
|
|a BERGHOF, NORBERT
|
| 653 |
|
|
|a THUN, MATTEO
|
| 653 |
|
|
|a LANDES, MICHAEL
|
| 653 |
|
|
|a RANG, WOLFGANG
|
| 653 |
|
|
|a FISCHER, UWE
|
| 653 |
|
|
|a HEINE, KLAUS ACHIM
|
| 653 |
|
|
|a SOWDEN, GEORGE
|
| 653 |
|
|
|a DU PASQUIER, NATHALIE
|
| 653 |
|
|
|a LAUBERSHEIMER, WOLFGANG
|
| 653 |
|
|
|a MURALES
|
| 773 |
0 |
|
|t INTERNI
|g no. 425 [nov. 1992], p. 168-171
|
| 942 |
|
|
|c ARTI
|
| 952 |
|
|
|0 0
|1 0
|4 0
|7 0
|9 86579
|a AR-BAuAD
|b AR-BAuAD
|d 2025-07-11
|l 0
|p AAQA041660
|r 2025-07-11 11:32:44
|w 2025-07-11
|y ARTI
|
| 990 |
|
|
|a A199
|b TD
|
| 998 |
|
|
|a AAQ
|b BIBUN76
|
| 999 |
|
|
|c 66252
|d 66252
|